[Event "Orsha op"]
[Site "Orsha"]
[Date "2019.01.23"]
[Round "8"]
[White "Dmitriev, Nikolay"]
[Black "Sychev, Dmitriy"]
[Result "1-0"]
[WhiteElo "1923"]
[BlackElo "1847"]
[PlyCount "171"]
[EventDate "2019.01.18"]
[EventType "swiss"]
[EventRounds "9"]
[EventCountry "BLR"]
[SourceTitle "CBM 188 Extra"]
[Source "ChessBase"]
[SourceDate "2019.02.26"]
[SourceVersion "1"]
[SourceVersionDate "2019.02.26"]
[SourceQuality "1"]

1. Nf3 Nf6 2. g3 g6 3. Bg2 Bg7 4. 0-0 0-0 5. d4 d6 6. b3 c5 7. c4 Nc6 8. Bb2 e6 9. e3 Qc7 10. Nc3 a6 11. Qe2 Rb8 12. Rfd1 b6 13. d5 exd5 14. Nxd5 Nxd5 15. Bxg7 Kxg7 16. Rxd5 Ne7 17. Qb2+ Kg8 18. Rd2 Be6 19. Ng5 h6 20. Ne4 Rfd8 21. Nf6+ Kf8 22. a3 b5 23. Qc3 Nc6 24. Ne4 bxc4 25. Qh8+ Ke7 26. Qf6+ Kf8 27. bxc4 Ne5 28. Qh8+ Ke7 29. Qxh6 Nxc4 30. Qh4+ Kd7 31. Nf6+ Kc8 32. Rc2 Ne5 33. Nd5 Bxd5 34. Bxd5 Qd7 35. Rac1 Nd3 36. Rd1 Ne5 37. Bg2 Qc7 38. Qa4 Rb6 39. Qe4 Nc6 40. Rcd2 Ne5 41. Qa8+ Kd7 42. Qd5 Ke7 43. f4 Ng4 44. Qg5+ Nf6 45. e4 c4 46. e5 Qc5+ 47. Kh1 d5 48. exf6+ Kf8 49. Qh6+ Ke8 50. Qh8+ Qf8 51. Qxf8+ Kxf8 52. Rxd5 Re8 53. Rd8 Rxf6 54. Rxe8+ Kxe8 55. Rc1 Rb6 56. Be4 Rb3 57. a4 c3 58. Kg1 Kd7 59. Kf2 Kd6 60. Ke3 Ra3 61. Bc2 Kc5 62. Kd3 Kb4 63. Rb1+ Ka5 64. g4 f5 65. gxf5 gxf5 66. Rh1 Ra2 67. h4 Rb2 68. h5 Rb8 69. Kxc3 Rh8 70. h6 Rxh6 71. Rf1 Rc6+ 72. Kd2 Rc5 73. Rf3 Kb4 74. Rb3+ Ka5 75. Re3 Rd5+ 76. Kc3 Rc5+ 77. Kb3 Kb6 78. Re5 Rc7 79. Rxf5 Re7 80. Re5 Rf7 81. f5 Rb7 82. Be4 Rc7 83. f6 Rf7 84. Re6+ Ka5 85. Re5+ Kb6 86. a5+ 1-0

[Event "Orsha op"]
[Site "Orsha"]
[Date "2019.01.22"]
[Round "7"]
[White "Sychev, Dmitriy"]
[Black "Kuleba, Ivan"]
[Result "1-0"]
[WhiteElo "1847"]
[BlackElo "1617"]
[PlyCount "79"]
[EventDate "2019.01.18"]
[EventType "swiss"]
[EventRounds "9"]
[EventCountry "BLR"]
[SourceTitle "CBM 188 Extra"]
[Source "ChessBase"]
[SourceDate "2019.02.26"]
[SourceVersion "1"]
[SourceVersionDate "2019.02.26"]
[SourceQuality "1"]

1. c4 c5 2. g3 g6 3. Bg2 Bg7 4. Nc3 d6 5. d3 Nc6 6. e4 e5 7. Nge2 Nge7 8. 0-0 0-0 9. a3 a5 10. Bg5 f6 11. Be3 Kh8 12. Rb1 f5 13. Bg5 h6 14. Bxe7 Qxe7 15. Nd5 Qg5 16. exf5 Bxf5 17. b4 axb4 18. axb4 Ra3 19. bxc5 Rxd3 20. Qa4 dxc5 21. Rxb7 Nd8 22. Rb8 Ne6 23. Rb7 Rd2 24. Nec3 Bd3 25. Ne4 Bxe4 26. Bxe4 Rdxf2 27. Rxf2 Qc1+ 28. Kg2 Rxf2+ 29. Kxf2 Qd2+ 30. Kf1 Qc1+ 31. Ke2 Nd4+ 32. Kd3 Qf1+ 33. Kd2 Qe2+ 34. Kc3 Qe1+ 35. Kb2 Qf2+ 36. Ka1 Qe1+ 37. Bb1 Nc2+ 38. Qxc2 Qa5+ 39. Kb2 e4+ 40. Rxg7 1-0

[Event "Orsha op"]
[Site "Orsha"]
[Date "2019.01.19"]
[Round "3"]
[White "Sychev, Dmitriy"]
[Black "Kuleshov, Konstantin"]
[Result "1/2-1/2"]
[WhiteElo "1847"]
[BlackElo "2098"]
[PlyCount "80"]
[EventDate "2019.01.18"]
[EventType "swiss"]
[EventRounds "9"]
[EventCountry "BLR"]
[SourceTitle "CBM 188 Extra"]
[Source "ChessBase"]
[SourceDate "2019.02.26"]
[SourceVersion "1"]
[SourceVersionDate "2019.02.26"]
[SourceQuality "1"]

1. c4 f5 2. g3 Nf6 3. Bg2 g6 4. Nc3 Bg7 5. d3 0-0 6. e4 fxe4 7. dxe4 e5 8. Nge2 d6 9. 0-0 c5 10. Nb5 Ne8 11. Qd5+ Rf7 12. Rd1 Qf6 13. Be3 Bf8 14. f4 Nc6 15. fxe5 Qxe5 16. Qxe5 dxe5 17. Rf1 Nd4 18. Rxf7 Kxf7 19. Rf1+ Kg8 20. Nbc3 Be6 21. b3 a6 22. Nc1 b5 23. Nd5 bxc4 24. bxc4 Nc2 25. Bg5 h6 26. Be7 Bxe7 27. Nxe7+ Kg7 28. Nd5 Bxd5 29. exd5 Ne3 30. Re1 Nxc4 31. Nd3 Rc8 32. Nxe5 Nxe5 33. Rxe5 c4 34. Be4 Nd6 35. Bc2 Rf8 36. Re6 Rf6 37. Re7+ Rf7 38. Re6 Rf6 39. Re7+ Rf7 40. Re6 Rf6 1/2-1/2

[Event "Orsha op"]
[Site "Orsha"]
[Date "2019.01.18"]
[Round "1"]
[White "Sychev, Dmitriy"]
[Black "Cherepov, Alexej"]
[Result "0-1"]
[WhiteElo "1847"]
[BlackElo "2226"]
[PlyCount "70"]
[EventDate "2019.01.18"]
[EventType "swiss"]
[EventRounds "9"]
[EventCountry "BLR"]
[SourceTitle "CBM 188 Extra"]
[Source "ChessBase"]
[SourceDate "2019.02.26"]
[SourceVersion "1"]
[SourceVersionDate "2019.02.26"]
[SourceQuality "1"]

1. c4 c5 2. g3 Nf6 3. Bg2 Nc6 4. Nc3 e6 5. e4 Be7 6. Nge2 0-0 7. 0-0 a6 8. d3 Rb8 9. h3 b5 10. b3 d6 11. f4 Qc7 12. Be3 Re8 13. Qd2 Bf8 14. d4 bxc4 15. bxc4 cxd4 16. Nxd4 Na5 17. Na4 Nxc4 18. Rfc1 d5 19. e5 Nd7 20. Qc2 Nc5 21. Bf2 Bd7 22. Nxc5 Bxc5 23. Nb3 Ba3 24. Rd1 Rec8 25. Qe2 Ba4 26. Rab1 a5 27. Bd4 Bb5 28. Qh5 g6 29. Qg4 a4 30. Nc1 Bc5 31. Ne2 Ne3 32. Bxe3 Bxe3+ 33. Kh2 Qc2 34. Bf3 Bxe2 35. Bxe2 Rxb1 0-1

[Event "Bialystok-ch"]
[Site "Bialystok"]
[Date "2014.??.??"]
[Round "2"]
[White "Dolata, Marcin"]
[Black "Sychev, Dmitriy"]
[Result "0-1"]
[WhiteElo "1407"]
[BlackElo "1677"]
[PlyCount "136"]
[EventDate "2014.11.08"]
[EventType "swiss"]
[EventRounds "7"]
[EventCountry "POL"]
[SourceTitle "CBM 163 Extra"]
[Source "ChessBase"]
[SourceDate "2014.12.23"]
[SourceVersion "1"]
[SourceVersionDate "2014.12.23"]
[SourceQuality "1"]

1. e4 c5 2. Nf3 d6 3. d4 cxd4 4. Nxd4 Nf6 5. Nc3 g6 6. Bd3 Bg7 7. Nb3 0-0 8. 0-0 Nc6 9. Be3 Ng4 10. Bd2 Nce5 11. Bf4 Nxd3 12. Qxd3 Ne5 13. Bxe5 Bxe5 14. Rab1 Be6 15. Nd5 Rc8 16. c3 f5 17. Rbd1 fxe4 18. Qxe4 Bf5 19. Qh4 Rf7 20. Ne3 Be6 21. Nd5 Bxd5 22. Rxd5 Rf4 23. Qh3 Rf5 24. Re1 Kg7 25. Nd4 Bxd4 26. Rxf5 gxf5 27. Qg3+ Kh8 28. cxd4 Qa5 29. Qe3 e5 30. dxe5 Qxe5 31. Qxe5+ dxe5 32. g3 e4 33. Re2 Kg7 34. Kg2 Kf6 35. f3 Ke5 36. Kf2 h5 37. f4+ Ke6 38. Rd2 Rc1 39. Ke3 a5 40. Kf2 b5 41. Ke3 b4 42. b3 Rc3+ 43. Ke2 Rc1 44. Ke3 Re1+ 45. Kf2 Rc1 46. Ke3 Rc3+ 47. Ke2 Rc5 48. Ke3 Rd5 49. Rd4 Kd6 50. h4 Kc5 51. Rc4+ Kb5 52. Rd4 Rc5 53. Kd2 Kc6 54. Ke2 Rc2+ 55. Rd2 Rxd2+ 56. Kxd2 Kd5 57. Ke3 Kc5 58. g4 fxg4 59. Kxe4 Kd6 60. f5 Ke7 61. Kf4 Kf6 62. Ke4 g3 63. Kf3 Kxf5 64. Kxg3 Ke4 65. Kg2 Kf4 66. Kh3 Kf3 67. Kh2 Kg4 68. Kg2 Kxh4 0-1

[Event "Bialystok-ch"]
[Site "Bialystok"]
[Date "2014.??.??"]
[Round "7"]
[White "Sychev, Dmitriy"]
[Black "Olhovik, Andrei"]
[Result "0-1"]
[WhiteElo "1677"]
[BlackElo "2270"]
[PlyCount "86"]
[EventDate "2014.11.08"]
[EventType "swiss"]
[EventRounds "7"]
[EventCountry "POL"]
[SourceTitle "CBM 163 Extra"]
[Source "ChessBase"]
[SourceDate "2014.12.23"]
[SourceVersion "1"]
[SourceVersionDate "2014.12.23"]
[SourceQuality "1"]

1. c4 c5 2. Nc3 g6 3. g3 Bg7 4. Bg2 Nc6 5. Nf3 e5 6. d3 Nge7 7. Rb1 d6 8. a3 a5 9. Nd2 0-0 10. Nf1 Be6 11. Ne3 Rb8 12. Ned5 h6 13. 0-0 Kh7 14. f4 f5 15. Kh1 b6 16. e4 Nd4 17. Nxe7 Qxe7 18. Be3 Qd7 19. Bxd4 exd4 20. Nb5 fxe4 21. Bxe4 d5 22. cxd5 Bxd5 23. Bxd5 Qxd5+ 24. Qf3 Qb3 25. Nd6 Rbd8 26. Nc4 a4 27. Rfe1 b5 28. Nd2 Qc2 29. Ne4 c4 30. Nc5 cxd3 31. Ne6 d2 32. Nxf8+ Rxf8 33. Red1 Re8 34. Qg2 d3 35. Qxd2 Re2 36. Qxc2 dxc2 37. Rbc1 cxd1Q+ 38. Rxd1 Bxb2 39. Rd5 b4 40. Ra5 bxa3 41. Rxa4 a2 42. Ra7+ Bg7 43. Kg1 a1Q+ 0-1